000 00433nam a2200109Ia 4500
008 171204s9999 xx 000 0 und d
245 _aMultimedia Forensics and Security: Foundations, Innovations, and Applications:
245 _cAboul-Ella Hassanien, Azizah Abdul Manaf, Mazdak Zamani, Mohamed Mostafa Fouad, and Rabiah Ahmad
260 _c2016
650 _xMultimedia System
856 _uhttp://down.ebook777.com/061/3319442686.pdf
999 _c345903
_d345903